1897 1359 1357 1405 1248 1223 1210 1746 1372 1904 1807 1810 1509 1751 1100 1195 1569 1480 1994 1755 1276 1487 1840 1207 1482 1485 1489 1579 1909 1023 1412 1005 1775 1907 1371 1009 1639 1132 1731 1690 1451 1501 1471 1938 1409 1388 1181 1803 1879 1724 1369 1896 1231 1487 1368 1174 1352 1758 1756 1202 1658 1987 1984 1794 1497 1110 1251 1875 1033 1444 1538 1220 1292 1714 1675 1212 1506 1170 1988 1350 1482 1352 1466 1215 1588 1903 1276 1017 1101 1617 1647 1108 1028 1641 1243 1502 1452 1458 1080 BCNSPRNW ULIB Ver.6.0+V

เปลี่ยนเป็นภาษาไทย

Change to English
 แสดงรายละเอียดบรรณานุกรม
  กลับหน้าหลัก

Brief Record : Get Marc (ISO 2709) : E-mail record : QR code < ปิดหน้าต่าง
LEADER : 00000nam 2200000uu 4500
001    13399120981
003     ULIB
008    121029s2550||||th 000 0 tha d
020    ^a9789748349046
050  4 ^aH62^bส852ร
100 0  ^aสุชาต ประสิทธิ์รัฐสินธุ์
245 10 ^aระเบียบวิธีการวิจัยทางสังคมศาสตร์ /^cสุชาต ประสิทธิ์รัฐสินธุ์
250    ^aพิมพ์ครั้งที่ 14
260    ^a[กรุงเทพฯ] :^bเฟื่องฟ้า,^c2550
300    ^axxvi, 640 หน้า
650  7 ^aสังคมศาสตร์^vวิจัย
945    ^p550^l0^i14227
995    ^aทศพร
999    ^aทศพร เกษรทอง
รายการนี้ยังไม่มีแท็ก
คุณยังไม่ได้ล็อกอิน คุณสามารถมีกิจกรรมร่วมกับเว็บไซต์ได้ แต่ต้องล็อกอินก่อน ::
  ล็อกอิน

รายการสื่อสารสนเทศ

ลำดับที่ ประเภท เลขเรียก/บาร์โค้ด สถานที่ สถานะ
1. วิทยาศาสตร์การแพทย์ และสุขภาพ
วิทยาศาสตร์การแพทย์ และสุขภาพ
H62 ส852ร ฉ.1 
  Barcode: 14227
ห้องสมุดวิทยาเขตสวรรค์ประชารักษ์
►หนังสือทั่วไป
บนชั้น

รายการใกล้เคียง
    ผู้แต่ง [สุชาต ประสิทธิ์รัฐสินธุ์]

BibComment


ยังไม่เคยถูกคอมเมนท์

คอมเมนท์ทรัพยากรรายการนี้
  คอมเมนท์: ระเบียบวิธีการวิ..


 Copyright 2026. Bcnsprnw @Library